| 000 -LEADER |
| fixed length control field |
00950nam a22001817a 4500 |
| 005 - DATE AND TIME OF LATEST TRANSACTION |
| control field |
20201221135611.0 |
| 008 - FIXED-LENGTH DATA ELEMENTS--GENERAL INFORMATION |
| fixed length control field |
201221c2019 ge ||||| |||| 00| 0 geo d |
| 022 ## - INTERNATIONAL STANDARD SERIAL NUMBER |
| International Standard Serial Number |
24492418 |
| 041 ## - LANGUAGE CODE |
| Language code of text/sound track or separate title |
geo |
| 245 ## - TITLE STATEMENT |
| Title |
ინოვაციური ეკონომიკა და მართვა = innovative economics and management : |
| Remainder of title |
2019 / |
| Statement of responsibility, etc. |
მთავ რედ. ბადრი გეჩბაია; რედ. გელა მამულაძე, პაატა აროშიძე. |
| 260 ## - PUBLICATION, DISTRIBUTION, ETC. |
| Place of publication, distribution, etc. |
ბათუმი : |
| Name of publisher, distributor, etc. |
კალმოსანი, |
| Date of publication, distribution, etc. |
2019. |
| 300 ## - PHYSICAL DESCRIPTION |
| Extent |
53 გვ. |
| Other physical details |
30 სმ. |
| 653 ## - INDEX TERM--UNCONTROLLED |
| Uncontrolled term |
ეკონომიკა |
| 700 ## - ADDED ENTRY--PERSONAL NAME |
| Personal name |
გეჩბაია, ბადრი |
| Relator term |
მთავ რედაქტორი |
| 9 (RLIN) |
9932 |
| 700 ## - ADDED ENTRY--PERSONAL NAME |
| Personal name |
მამულაძე, გელა |
| Relator term |
რედაქტორი |
| 9 (RLIN) |
9933 |
| 700 ## - ADDED ENTRY--PERSONAL NAME |
| Personal name |
აროშიძე, პაატა |
| Relator term |
რედაქტორი |
| 9 (RLIN) |
4137 |
| 942 ## - ADDED ENTRY ELEMENTS (KOHA) |
| Source of classification or shelving scheme |
|
| Koha item type |
პერიოდიკა |